[Event "It (cat.14)"]
[Site "Wijk aan Zee (Netherlands)"]
[Date "2007.01.20"]
[Round "7"]
[White "Bu Xiangzhi (CHN)"]
[Black "Nijboer Friso (NED)"]
[Result "1-0"]
[WhiteElo "2644"]
[BlackElo "2638"]
[PlyCount "65"]
[EventDate "2007.??.??"]
[Source "www.chesslib.no"]
[SourceDate "2004.05.04"]

1. d4 Nf6 2. c4 g6 3. g3 Bg7 4. Bg2 O-O 5. Nc3 d6 6. Nf3 Nc6 7. O-O Rb8 8. Qd3 e5 9. d5 Ne7 10. e4 Ne8 11. Be3 a6 12. Nd2 f5 13. f4 exf4 14. Bxf4 Nf6 15. Rae1 Nd7 16. Nf3 h6 17. h4 Nc5 18. Qd2 fxe4 19. Nxe4 Nxe4 20. Rxe4 Nf5 21. Qe1 c5 22. dxc6 bxc6 23. g4 d5 24. cxd5 cxd5 25. Ra4 Re8 26. Qc1 Rxb2 27. gxf5 Bxf5 28. Nd4 Qd7 29. Nxf5 Qxa4 30. Nxg7 Qd4+ 31. Kh1 Rxg2 32. Nxe8 Re2 33. Qb1 1-0

[Event "Sibenik"]
[Site "?"]
[Date "2006.10.02"]
[Round "11.2"]
[White "Georgiev Kiril"]
[Black "Nevednichy Vladislav"]
[Result "0-1"]
[WhiteElo "2685"]
[BlackElo "2576"]
[PlyCount "132"]
[EventDate "2006.??.??"]
[Source "www.chesslib.no"]
[SourceDate "2004.05.04"]

1. d4 d6 2. Nf3 g6 3. c4 Bg7 4. Nc3 Nf6 5. g3 O-O 6. Bg2 Nc6 7. O-O Bf5 8. Ne1 Qd7 9. e4 Bh3 10. Nf3 Nh5 11. Be3 Bxg2 12. Kxg2 e6 13. Rc1 a6 14. d5 exd5 15. cxd5 Ne5 16. Nxe5 Bxe5 17. Bd4 Bxd4 18. Qxd4 Rae8 19. f3 Ng7 20. f4 f6 21. Rce1 Re7 22. Re2 h5 23. h3 Kh7 24. Kh2 Rff7 25. a4 Re8 26. Rfe1 Ree7 27. b4 Re8 28. Rc1 Ree7 29. Rf1 Rf8 30. Rff2 Kg8 31. Rg2 Qc8 32. g4 Kh7 33. f5 g5 34. h4 Re5 35. Qd2 Qd8 36. Kg1 Rg8 37. hxg5 fxg5 38. gxh5 Ne8 39. Rg3 g4 40. b5 Qh4 41. Qf4 Nf6 42. Rgg2 Qg5 43. Qxg5 Rxg5 44. Kf2 Rxh5 45. bxa6 bxa6 46. Rg3 Rh2+ 47. Rg2 Rh5 48. Rg3 Kh6 49. Kg1 Kg5 50. a5 Rh8 51. Rd3 Re7 52. e5 dxe5 53. d6 cxd6 54. Rxd6 Reh7 55. Rxa6 Rh1+ 56. Kf2 R8h2+ 57. Ke3 g3 58. Ra7 Kxf5 59. Rg7 Nh5 60. Rf7+ Ke6 61. Rf8 g2 62. Rg8 Rh3+ 63. Kf2 g1=Q+ 64. Rxg1 Rxg1 65. Kxg1 Rxc3 66. Ra2 Rc7 0-1

[Event "XXIV ECC"]
[Site "Kallithea GRE"]
[Date "2008.10.18"]
[Round "2"]
[White "Kveinys, A."]
[Black "Svidler, P."]
[Result "1/2-1/2"]
[WhiteElo "2533"]
[BlackElo "2727"]
[PlyCount "44"]
[EventDate "2008.10.17"]
[Source "www.chesslib.no"]
[SourceDate "2004.05.04"]

1. d4 Nf6 2. c4 g6 3. Nf3 Bg7 4. g3 O-O 5. Bg2 d6 6. O-O Nc6 7. Nc3 Rb8 8. Bd2 Bd7 9. Rc1 e5 10. d5 Ne7 11. e4 c5 12. dxc6 bxc6 13. c5 d5 14. Nxe5 Nxe4 15. Nxd7 Nxc3 16. bxc3 Qxd7 17. Bf4 Rb5 18. Bd6 Rd8 19. Re1 Nc8 20. c4 dxc4 21. Rxc4 Bf8 22. Qc2 Nxd6 1/2-1/2

[Event "Russie (championnat equipes)"]
[Site "?"]
[Date "2004.04.??"]
[Round "4"]
[White "Filippov Valerij"]
[Black "Motylev Alexander"]
[Result "0-1"]
[WhiteElo "2609"]
[BlackElo "2640"]
[PlyCount "80"]
[EventDate "2004.??.??"]
[Source "www.chesslib.no"]
[SourceDate "2004.05.04"]

1. Nf3 Nf6 2. c4 g6 3. d4 Bg7 4. g3 O-O 5. Bg2 d6 6. Nc3 Nc6 7. O-O Rb8 8. Re1 Bd7 9. e4 e5 10. d5 Na5 11. c5 b5 12. c6 Bc8 13. b3 b4 14. Na4 Ba6 15. Bf1 Bxf1 16. Kxf1 Qc8 17. Kg2 Nh5 18. Nb2 Rb5 19. Nh4 Bf6 20. Bh6 Bxh4 21. gxh4 Re8 22. Be3 Qd8 23. Qg4 f5 24. exf5 Qc8 25. Rad1 Qxf5 26. Qxf5 gxf5 27. Bxa7 Rxd5 28. Rxd5 Nf4+ 29. Kg3 Nxd5 30. Rc1 Ra8 31. Bc5 dxc5 32. Rxc5 Ne7 33. Nd3 Naxc6 34. Nxe5 Nxe5 35. Rxe5 Kf7 36. Rb5 Rxa2 37. Rxb4 Rc2 38. h5 Rc3+ 39. f3 Kf6 40. h4 Nc6 0-1

[Event "Tilburg"]
[Site "Tilburg"]
[Date "1992.??.??"]
[Round "1"]
[White "Stohl, Igor"]
[Black "Gelfand, Boris"]
[Result "1/2-1/2"]
[WhiteElo "2560"]
[BlackElo "2685"]
[PlyCount "49"]
[EventDate "1992.10.??"]
[Source "ChessBase"]

1. d4 Nf6 2. c4 g6 3. g3 Bg7 4. Bg2 O-O 5. Nc3 d6 6. Nf3 Nc6 7. O-O e5 8. h3 Nd7 9. Bg5 f6 10. Be3 f5 11. dxe5 Ncxe5 12. Qd2 c6 13. b3 Nxf3+ 14. Bxf3 Nc5 15. Rad1 Ne6 16. Bh6 Bxh6 17. Qxh6 Ng5 18. h4 Nf7 19. Qd2 Qa5 20. Bg2 Be6 21. e3 Rad8 22. Qb2 Ne5 23. Rd4 h6 24. Rfd1 g5 25. Qd2 1/2-1/2

[Event "Munich"]
[Site "Munich"]
[Date "1993.??.??"]
[Round "6"]
[White "Lutz, Christopher"]
[Black "Gelfand, Boris"]
[Result "1/2-1/2"]
[WhiteElo "2550"]
[BlackElo "2690"]
[PlyCount "82"]
[EventDate "1993.05.??"]
[Source "ChessBase"]

1. Nf3 Nf6 2. c4 g6 3. g3 Bg7 4. Bg2 O-O 5. O-O d6 6. d4 Nc6 7. Nc3 e5 8. d5 Ne7 9. c5 Ne8 10. cxd6 Nxd6 11. Qb3 h6 12. Rd1 f5 13. Be3 Bd7 14. Bc5 b6 15. Ba3 Nec8 16. e4 f4 17. Ne2 g5 18. gxf4 gxf4 19. Qc2 Ne7 20. b3 Ng6 21. Rac1 Rc8 22. Kh1 Nh4 23. Nxh4 Qxh4 24. Ng1 Kh8 25. f3 Rg8 26. Bxd6 cxd6 27. Qd2 Bf6 28. Rxc8 Bxc8 29. Rc1 Ba6 30. a4 Bd8 31. b4 b5 32. a5 Bb7 33. Nh3 a6 34. Qf2 Rg7 35. Qxh4 Bxh4 36. Kg1 Bd8 37. Kf1 Rc7 38. Rxc7 Bxc7 39. Nf2 Bc8 40. Bh3 Bxh3+ 41. Nxh3 Bb8 1/2-1/2

[Event "Yerevan ol (Men)"]
[Site "Yerevan"]
[Date "1996.??.??"]
[Round "6"]
[White "Ivanchuk, Vassily"]
[Black "Temirbaev, Serik"]
[Result "1/2-1/2"]
[WhiteElo "2730"]
[BlackElo "2480"]
[PlyCount "83"]
[EventDate "1996.09.??"]
[Source "www.chesslib.no"]
[SourceDate "2004.05.04"]

1. Nf3 Nf6 2. c4 g6 3. g3 Bg7 4. Bg2 O-O 5. O-O d6 6. Nc3 e5 7. d4 Nc6 8. d5 Ne7 9. a4 a5 10. c5 Ne8 11. cxd6 Nxd6 12. e4 c6 13. dxc6 Nxc6 14. Bg5 Bf6 15. Bxf6 Qxf6 16. h3 Rd8 17. Nd5 Qg7 18. Rc1 f6 19. Qe2 Be6 20. Rfd1 Kh8 21. Qe3 Rab8 22. Nb6 f5 23. exf5 Nxf5 24. Qe1 Bg8 25. h4 e4 26. Qxe4 Qxb2 27. Qb1 Rxd1+ 28. Rxd1 Qxb1 29. Rxb1 Rd8 30. Bf1 Nfd4 31. Nd2 Ne2+ 32. Bxe2 Rxd2 33. Kf1 Rd4 34. Bb5 Na7 35. Bd7 Rd6 36. Bg4 Rd4 37. Bf3 Nc6 38. Ke1 Be6 39. Be2 Nb4 40. Rd1 Nc2+ 41. Kf1 Rb4 42. Rd6 1/2-1/2

[Event "Camp. russo a squadre 2007"]
[Site "Sochi RUS"]
[Date "2007.05.05"]
[Round "4"]
[White "Maletin, P."]
[Black "Inarkiev, E."]
[Result "0-1"]
[WhiteElo "2541"]
[BlackElo "2669"]
[PlyCount "92"]
[EventDate "2007.05.02"]
[Source "www.chesslib.no"]
[SourceDate "2004.05.04"]

1. Nf3 Nf6 2. g3 g6 3. Bg2 Bg7 4. c4 O-O 5. Nc3 Nc6 6. d4 d6 7. O-O Rb8 8. d5 Na5 9. b3 a6 10. Bd2 c5 11. dxc6 bxc6 12. Rc1 Nd7 13. Be3 c5 14. Qd2 Re8 15. Bh6 Bh8 16. Nd5 Nf6 17. Rfd1 Nc6 18. Bg5 Ne4 19. Qf4 f5 20. Qh4 Rb7 21. Nf4 Rc7 22. Nd5 Rb7 23. Nf4 Nb4 24. Nd2 Nxg5 25. Bxb7 Bxb7 26. Qxg5 Bf6 27. Qh6 Nxa2 28. Rc2 Nb4 29. Rcc1 Na2 30. Rc2 Nb4 31. Rcc1 e5 32. Nd5 Nxd5 33. cxd5 Bg5 34. Qh3 Bxd5 35. Nc4 Bf7 36. Rxd6 Qb8 37. Rcd1 Qxb3 38. Na5 Qb5 39. Nc6 Qxe2 40. Nd8 Bc4 41. Nc6 e4 42. Rd7 h5 43. Qg2 Bb5 44. R7d6 Bxc6 45. Rb1 Qa2 46. Qf1 e3 0-1

[Event "JUG-Cup"]
[Site "Herceg Novi"]
[Date "2000.??.??"]
[Round "7"]
[White "Sakaev, Konstantin"]
[Black "Atalik, Suat"]
[Result "0-1"]
[WhiteElo "2629"]
[BlackElo "2575"]
[PlyCount "78"]
[EventDate "2000.??.??"]
[Source "www.chesslib.no"]
[SourceDate "2004.05.04"]

1. d4 Nf6 2. c4 g6 3. g3 Bg7 4. Bg2 O-O 5. Nc3 d6 6. Nf3 Nc6 7. O-O Bd7 8. d5 Na5 9. Nd2 c6 10. b4 Nxc4 11. Nxc4 Nxd5 12. Nxd5 Bxa1 13. Bh6 Bg7 14. Bxg7 Kxg7 15. Nc3 d5 16. Na5 b6 17. Nb3 e6 18. e4 Rc8 19. Qd2 Qf6 20. f4 Rfd8 21. g4 Kh8 22. Qe3 Qg7 23. g5 Be8 24. Rd1 Rd7 25. Rd3 c5 26. bxc5 bxc5 27. Ne2 d4 28. Qc1 Rdc7 29. Qc4 e5 30. Nd2 f6 31. gxf6 Qxf6 32. fxe5 Qxe5 33. Qd5 Qxd5 34. exd5 Bb5 35. Nf4 Bxd3 36. Nxd3 c4 37. Nb4 d3 38. Kf2 c3 39. Nb3 d2 0-1

[Event "Synthesia Rapid Open"]
[Site "Pardubice CEC"]
[Date "2007.07.18"]
[Round "4"]
[White "Navara, D."]
[Black "Maslak, K."]
[Result "0-1"]
[WhiteElo "2656"]
[BlackElo "2548"]
[PlyCount "125"]
[EventDate "2007.07.18"]
[Source "www.chesslib.no"]
[SourceDate "2004.05.04"]

1. d4 Nf6 2. c4 g6 3. Nc3 Bg7 4. Nf3 O-O 5. g3 d6 6. Bg2 Nc6 7. O-O Bf5 8. b3 Ne4 9. Nd5 Bd7 10. Bb2 f5 11. Rc1 e6 12. Nc3 Nxc3 13. Bxc3 Ne7 14. Qc2 a5 15. e4 a4 16. b4 fxe4 17. Qxe4 d5 18. Qe2 dxc4 19. Ng5 Nd5 20. Nxe6 Nxc3 21. Rxc3 Bxe6 22. Qxe6+ Kh8 23. Rxc4 Ra6 24. Qd5 Qxd5 25. Bxd5 Rd6 26. Bxb7 Rxd4 27. Rxd4 Bxd4 28. Bc6 a3 29. Kg2 Bc3 30. b5 Rd8 31. Rc1 Ba5 32. Rc4 Rd3 33. h4 Bb6 34. Rc2 Ba5 35. Rc4 Bb6 36. Ra4 Bc5 37. Ra8+ Kg7 38. Rc8 Bb6 39. g4 Rd2 40. g5 Rxa2 41. Rg8+ Kxg8 42. Bd5+ Kf8 43. Bxa2 Ke7 44. f4 Kd6 45. Kf3 Bd4 46. Ke4 Bf2 47. h5 gxh5 48. f5 h4 49. Kf3 Be1 50. Kg4 Ke7 51. f6+ Kf8 52. Bb1 Bf2 53. Bxh7 a2 54. g6 a1=Q 55. g7+ Kf7 56. g8=Q+ Kxf6 57. Qh8+ Ke6 58. Qxa1 Kd6 59. Qa3+ Kd5 60. Qa2+ Kc5 61. Qxf2+ Kxb5 62. Qc2 Kb6 63. Qxc7+ 0-1

[Event "Manila ol (Men)"]
[Site "Manila PHI"]
[Date "1992.??.??"]
[Round "?"]
[White "Stohl, Igor"]
[Black "Sokolov, Ivan"]
[Result "1/2-1/2"]
[WhiteElo "2560"]
[BlackElo "2630"]
[PlyCount "122"]
[EventDate "1992.06.??"]
[Source "www.chesslib.no"]
[SourceDate "2004.05.04"]

1. d4 Nf6 2. c4 g6 3. g3 Bg7 4. Bg2 O-O 5. Nc3 c6 6. e4 d6 7. Nf3 e5 8. O-O Bg4 9. d5 Na6 10. Be3 c5 11. h3 Bd7 12. Ne1 Qe8 13. Nd3 Nh5 14. g4 Nf6 15. f4 Qe7 16. f5 Ne8 17. Qd2 Nec7 18. a4 Rfc8 19. b3 Ne8 20. g5 f6 21. h4 Nec7 22. Bh3 Rf8 23. Qg2 Kh8 24. Ra2 Rae8 25. fxg6 hxg6 26. Raf2 f5 27. exf5 gxf5 28. Bxf5 e4 29. Bxd7 exd3 30. Rxf8+ Rxf8 31. Rxf8+ Bxf8 32. Qh3 Bg7 33. Nd1 Nb4 34. Be6 Nc2 35. Bf2 d2 36. Qd3 Nxe6 37. dxe6 Nd4 38. Qe3 Be5 39. Qh3 Nxe6 40. Be3 Bd4 41. Kf1 Nf4 42. Qf3 Bxe3 43. Qxe3 Qxe3 44. Nxe3 Kg7 45. Kf2 d5 46. cxd5 Nxd5 47. Nd1 c4 48. bxc4 Nb6 49. Ke2 Nxc4 50. h5 a6 51. Nc3 Ne5 52. Ne4 b5 53. a5 Nc6 54. Ng3 b4 55. Nf5+ Kg8 56. Nd4 Nxa5 57. Kxd2 Nc4+ 58. Kd3 Nd6 59. Nc6 Nf5 60. Nxb4 Ng7 61. Nxa6 Nxh5 1/2-1/2

[Event "TCh-SCG Men"]
[Site "Budva"]
[Date "2004.09.10"]
[Round "3"]
[White "Georgiev, Kiril"]
[Black "Markovic, Miroslav"]
[Result "1-0"]
[WhiteElo "2626"]
[BlackElo "2564"]
[PlyCount "119"]
[EventDate "2004.09.08"]
[Source "Roberto Alvarez"]
[SourceDate "2004.09.21"]

1. d4 Nf6 2. Nf3 g6 3. g3 Bg7 4. Bg2 O-O 5. O-O d6 6. c4 Nc6 7. Nc3 Bg4 8. d5 Na5 9. Qd3 Nd7 10. b3 c5 11. Bg5 a6 12. Rac1 Ne5 13. Nxe5 Bxe5 14. Rfe1 Bd7 15. e4 Rb8 16. Nd1 b5 17. Bd2 e6 18. Ne3 Bd4 19. cxb5 Bxb5 20. Qc2 exd5 21. Nxd5 Bg7 22. Bc3 Bd7 23. Bxg7 Kxg7 24. e5 dxe5 25. Rxe5 Nc6 26. Ree1 Qa5 27. Qxc5 Qxc5 28. Rxc5 Rfe8 29. Rxe8 Rxe8 30. Ne3 Ne5 31. h3 Bb5 32. Bd5 Re7 33. Rc3 h5 34. h4 Be2 35. Kg2 f5 36. Rc8 Nd3 37. Bc4 Ne1+ 38. Kg1 Nf3+ 39. Kg2 Ne1+ 40. Kg1 Nf3+ 41. Kh1 Bxc4 42. Rxc4 Rd7 43. Kg2 Ne5 44. Rc2 Rd4 45. Rc5 Ng4 46. Nc4 Re4 47. Rd5 f4 48. Rd7+ Kf8 49. Rf7+ Kxf7 50. Nd6+ Ke6 51. Nxe4 fxg3 52. Kxg3 Kd5 53. Kf4 Kd4 54. b4 Ne5 55. Nc5 Kd5 56. Nxa6 Nd3+ 57. Kg5 Nxf2 58. Kxg6 Kc6 59. Nc5 Kb5 60. a3 1-0

[Event "CRO-chT"]
[Site "Pula"]
[Date "2000.09.11"]
[Round "1"]
[White "Hulak, Krunoslav"]
[Black "Smirin, Ilia"]
[Result "1/2-1/2"]
[WhiteElo "2510"]
[BlackElo "2677"]
[PlyCount "21"]
[EventDate "2000.09.??"]
[Source "www.chesslib.no"]
[SourceDate "2004.05.04"]

1. d4 Nf6 2. c4 g6 3. g3 Bg7 4. Bg2 O-O 5. Nc3 d6 6. Nf3 Nc6 7. O-O Bf5 8. b3 Ne4 9. Bb2 Nxc3 10. Bxc3 Be4 11. Qd2 1/2-1/2

[Event "GM"]
[Site "?"]
[Date "2005.02.16"]
[Round "4"]
[White "Bauer Christian"]
[Black "Nijboer Friso"]
[Result "0-1"]
[WhiteElo "2636"]
[BlackElo "2549"]
[PlyCount "80"]
[EventDate "2005.??.??"]
[Source "www.chesslib.no"]
[SourceDate "2004.05.04"]

1. d4 Nf6 2. c4 g6 3. Nf3 Bg7 4. g3 O-O 5. Bg2 d6 6. O-O Nc6 7. Nc3 Rb8 8. Re1 a6 9. Rb1 Re8 10. d5 Na5 11. Qd3 c5 12. b3 Nd7 13. Bd2 b6 14. Ne4 Nf6 15. Nxf6+ exf6 16. Bc3 Bd7 17. Nd2 b5 18. e3 b4 19. Ba1 Nb7 20. f4 f5 21. Re2 Bxa1 22. Rxa1 Qf6 23. Rae1 Re7 24. e4 Rbe8 25. Kf2 a5 26. exf5 Bxf5 27. Be4 Bd7 28. Bf3 Rxe2+ 29. Rxe2 Rxe2+ 30. Qxe2 Kf8 31. Ne4 Qd4+ 32. Kg2 Bf5 33. Ng5 h6 34. Ne6+ fxe6 35. dxe6 Ke7 36. Bxb7 Qd3 37. Qf2 Qc2 38. Bc6 Bh3+ 39. Kf3 Qd3+ 40. Qe3 Bg2+ 0-1

[Event "NED-chT f (Panfox-HSG)"]
[Site "Breda"]
[Date "1997.??.??"]
[Round "2"]
[White "Timman, Jan H"]
[Black "Nijboer, Friso"]
[Result "0-1"]
[WhiteElo "2630"]
[BlackElo "2555"]
[PlyCount "36"]
[EventDate "1997.05.31"]
[Source "ChessBase"]
[SourceDate "1997.07.29"]

1. d4 Nf6 2. c4 g6 3. Nf3 Bg7 4. g3 O-O 5. Bg2 d6 6. O-O Nc6 7. Nc3 Rb8 8. d5 Na5 9. Nd2 Nd7 10. Qc2 Ne5 11. b3 c6 12. Bb2 b5 13. dxc6 bxc4 14. Nxc4 Naxc4 15. bxc4 Bf5 16. Qc1 Rb4 17. c7 Qd7 18. Nd5 Rxb2 0-1

[Event "NH Chess Tournament"]
[Site "Amsterdam NED"]
[Date "2007.08.31"]
[Round "9"]
[White "Ljubojevic, L."]
[Black "Stellwagen, D."]
[Result "1-0"]
[WhiteElo "2550"]
[BlackElo "2631"]
[PlyCount "137"]
[EventDate "2007.08.22"]
[Source "www.chesslib.no"]
[SourceDate "2004.05.04"]

1. d4 Nf6 2. c4 g6 3. g3 Bg7 4. Bg2 O-O 5. Nf3 d6 6. O-O Nc6 7. Nc3 e5 8. d5 Ne7 9. e4 Nd7 10. Ne1 f5 11. Nd3 Nf6 12. Re1 c6 13. dxc6 Nxc6 14. b3 Be6 15. Bd2 Qd7 16. Rc1 fxe4 17. Nxe4 Nxe4 18. Bxe4 Nd4 19. f3 Bf5 20. Bd5+ Kh8 21. Bc3 e4 22. Bxd4 Bxd4+ 23. Nf2 Bc5 24. Bxe4 Bxe4 25. Rxe4 Qf5 26. Rc2 Qxf3 27. Qxf3 Rxf3 28. Kg2 Raf8 29. Ree2 Kg7 30. Ne4 Rf1 31. Red2 Rg1+ 32. Kh3 Bb4 33. Rd4 Bc5 34. Rd3 Re1 35. Nxd6 Re7 36. Nb5 h5 37. Nc3 a5 38. Nd5 Re1 39. Nf4 Kh6 40. Rd5 Be7 41. Kg2 b6 42. h4 Bc5 43. Nd3 Rg1+ 44. Kh2 Be3 45. Rg2 Ra1 46. Re2 Rff1 47. Kg2 Bg1 48. Rd7 Rfd1 49. Kf3 Rf1+ 50. Ke4 Rad1 51. Rd5 Kg7 52. Nf4 Kf6 53. Rxd1 Rxd1 54. Nd5+ Kf7 55. Ne3 Bxe3 56. Rxe3 Ke6 57. Rd3 Ra1 58. a4 Rf1 59. Rd5 Ke7 60. Rb5 Rf6 61. c5 bxc5 62. Rxa5 Rc6 63. Kd5 Rd6+ 64. Kxc5 Rd3 65. Rb5 Rxg3 66. a5 g5 67. a6 gxh4 68. a7 Rg8 69. Rb8 1-0

[Event "LXI Lega superiore camp. russo"]
[Site "Novokuznetsk RUS"]
[Date "2008.09.05"]
[Round "3"]
[White "Grachev, B."]
[Black "Chadaev, N."]
[Result "1-0"]
[WhiteElo "2640"]
[BlackElo "2535"]
[PlyCount "95"]
[EventDate "2008.09.03"]
[Source "www.chesslib.no"]
[SourceDate "2004.05.04"]

1. Nf3 Nf6 2. d4 g6 3. c4 Bg7 4. g3 O-O 5. Bg2 d6 6. Nc3 Nc6 7. O-O Bd7 8. Re1 a6 9. e4 Bg4 10. Be3 Re8 11. Qd3 Bxf3 12. Bxf3 e5 13. d5 Nd4 14. Bxd4 exd4 15. Ne2 Nd7 16. Nxd4 Ne5 17. Qe2 c5 18. dxc6 bxc6 19. Bg2 Qa5 20. Qc2 Qc5 21. Rad1 Nxc4 22. Nxc6 Rac8 23. b3 Rxc6 24. Qxc4 Qxc4 25. bxc4 Rb6 26. Re2 Rc8 27. Rc2 Kf8 28. f4 Rcb8 29. e5 Rb1 30. Rxb1 Rxb1+ 31. Kf2 dxe5 32. c5 Ke7 33. c6 Kd8 34. c7+ Kc8 35. f5 Rb6 36. Bh3 Rf6 37. g4 h6 38. Bg2 e4 39. Ke3 Rd6 40. Bxe4 Bd4+ 41. Kf4 Rb6 42. fxg6 fxg6 43. Bd5 Bf6 44. Rc4 Be7 45. Ke4 a5 46. a4 Bg5 47. Bg8 h5 48. Kd5 1-0

[Event "Campionato europeo 2007"]
[Site "Dresda GER"]
[Date "2007.04.09"]
[Round "7.56"]
[White "Rogozenko, Dorian"]
[Black "Miroshnichenko, Evgenij"]
[Result "0-1"]
[WhiteElo "2528"]
[BlackElo "2646"]
[PlyCount "164"]
[EventDate "2007.04.03"]
[Source "www.chesslib.no"]
[SourceDate "2004.05.04"]

1. d4 Nf6 2. c4 g6 3. g3 Bg7 4. Bg2 O-O 5. Nc3 c6 6. e4 d6 7. Nf3 Bg4 8. O-O Nfd7 9. Be3 c5 10. dxc5 dxc5 11. Qb3 Nc6 12. Qxb7 Nd4 13. Bxd4 cxd4 14. Na4 Bxf3 15. Bxf3 Ne5 16. Bg2 Nxc4 17. b3 Na3 18. Rad1 Qd6 19. Nb2 Rab8 20. Qd5 Qxd5 21. exd5 Nb5 22. Rd2 Nc3 23. Nd3 Rfd8 24. Re1 Kf8 25. Ne5 Bxe5 26. Rxe5 Rb7 27. h4 h5 28. Kh2 Rd6 29. a3 Rxb3 30. Rxd4 Rxa3 31. Rc4 f6 32. Re3 Nb5 33. Rxa3 Nxa3 34. Rc5 Rb6 35. Bf1 Nb1 36. Ra5 Nc3 37. Rxa7 f5 38. Ra8+ Kg7 39. Bg2 Rb2 40. Kg1 Nd1 41. Ra7 Kf6 42. Ra6+ Kf7 43. f4 Ne3 44. Bf3 Rd2 45. Ra5 Nc2 46. Rc5 Nd4 47. Rc3 Ke8 48. Ra3 Nc2 49. Rc3 Kd7 50. Kf1 Nd4 51. Bg2 Rb2 52. Rd3 Nb3 53. Re3 Nc5 54. Bf3 Kd6 55. Ke1 Rb4 56. Kf2 Ra4 57. Rc3 Ne4+ 58. Bxe4 fxe4 59. Ke3 Kxd5 60. Rb3 Ra5 61. Rc3 e6 62. Rb3 e5 63. fxe5 Kxe5 64. Rb6 Kf5 65. Rc6 Ra3+ 66. Kf2 Rf3+ 67. Kg2 Rd3 68. Kf2 Ra3 69. Rb6 Ra5 70. Ke3 Re5 71. Ra6 g5 72. hxg5 Kxg5 73. Ra8 Kg4 74. Rg8+ Rg5 75. Ra8 Kxg3 76. Kxe4 h4 77. Ra1 h3 78. Rg1+ Kh4 79. Rh1 Rg2 80. Kf3 Ra2 81. Rb1 h2 82. Rc1 Kh3 0-1

[Event "Haifa ISR"]
[Site "Haifa ISR"]
[Date "1993.??.??"]
[Round "?"]
[White "Greenfeld, Alon"]
[Black "Smirin, Ilia"]
[Result "0-1"]
[WhiteElo "2580"]
[BlackElo "2590"]
[PlyCount "76"]
[EventDate "1993.??.??"]
[Source "www.chesslib.no"]
[SourceDate "2004.05.04"]

1. d4 Nf6 2. Nf3 g6 3. g3 Bg7 4. Bg2 O-O 5. O-O d6 6. c4 Nc6 7. Nc3 Bf5 8. d5 Na5 9. Nd4 Bd7 10. b3 c5 11. dxc6 bxc6 12. Bb2 Rb8 13. Rb1 Qc8 14. Re1 Rd8 15. Qd2 Nb7 16. e4 e5 17. Nde2 Bh3 18. f3 Bxg2 19. Kxg2 Nc5 20. Ba3 Ne6 21. Rbd1 Bf8 22. Qe3 h5 23. Rd3 Rb7 24. Red1 Rbd7 25. b4 Qa6 26. b5 cxb5 27. Nxb5 Qc6 28. Nxa7 Qxc4 29. Rc1 Qa6 30. Nc6 Bh6 31. f4 exf4 32. gxf4 Bxf4 33. Nxf4 Nxf4+ 34. Qxf4 Qxd3 35. Qxf6 Qxa3 36. Ne7+ Rxe7 37. Qxe7 Qxa2+ 38. Kg1 Qa5 0-1

[Event "Baden-Baden"]
[Site "Baden-Baden"]
[Date "1992.??.??"]
[Round "6"]
[White "Huebner, Robert"]
[Black "Wahls, Matthias"]
[Result "1/2-1/2"]
[WhiteElo "2630"]
[BlackElo "2540"]
[PlyCount "66"]
[EventDate "1992.12.??"]
[Source "ChessBase"]

1. d4 Nf6 2. c4 g6 3. g3 Bg7 4. Bg2 O-O 5. Nc3 d6 6. Nf3 Nc6 7. O-O Bf5 8. b3 e5 9. d5 Ne7 10. Bb2 Bd7 11. e4 Ne8 12. Qd2 h6 13. Ne1 f5 14. Nd3 g5 15. exf5 Bxf5 16. Ne4 Nf6 17. Nxf6+ Bxf6 18. Rae1 Qd7 19. f3 Bg7 20. Nf2 Kh8 21. Ne4 Rae8 22. Rf2 Ng8 23. Bf1 g4 24. f4 exf4 25. Rxf4 Bxb2 26. Qxb2+ Qg7 27. Qd2 Bh7 28. Rxf8 Rxf8 29. Nf2 b6 30. Bd3 Nf6 31. Re3 Nd7 32. Bxh7 Kxh7 33. Kg2 Ne5 1/2-1/2

[Event "Bundesliga 1999-2000"]
[Site "Castrop Rauxel GER"]
[Date "1999.11.07"]
[Round "4"]
[White "Andersson, U."]
[Black "David, Alb"]
[Result "1-0"]
[WhiteElo "2623"]
[BlackElo "2544"]
[PlyCount "95"]
[EventDate "1999.10.08"]
[Source "www.chesslib.no"]
[SourceDate "2004.05.04"]

1. Nf3 Nf6 2. c4 g6 3. g3 Bg7 4. Bg2 O-O 5. O-O Nc6 6. Nc3 d6 7. d4 Rb8 8. d5 Na5 9. b3 c5 10. dxc6 Nxc6 11. Bb2 Qa5 12. Qc1 h6 13. Rd1 Be6 14. Ne1 Ne5 15. Nd5 Nxd5 16. Bxd5 Bxd5 17. Rxd5 Qc7 18. Rd1 a6 19. Rb1 Nd7 20. Bxg7 Kxg7 21. Qb2+ Nf6 22. Rbc1 Rfc8 23. Ng2 Qa5 24. Ne3 Kg8 25. b4 Qb6 26. a3 Rc7 27. Rd4 Qc6 28. Rf4 b5 29. Rxf6 exf6 30. Nd5 bxc4 31. Nxc7 Qxc7 32. Qxf6 Rc8 33. Rc3 a5 34. h4 axb4 35. axb4 h5 36. g4 hxg4 37. h5 gxh5 38. Qg5+ Kf8 39. Qxh5 Qa7 40. Qh6+ Ke7 41. Qg5+ Kf8 42. Qf6 Qa1+ 43. Kg2 Kg8 44. Qg5+ Kf8 45. Qh6+ Ke7 46. Qh4+ Ke8 47. Re3+ Kf8 48. Qe7+ 1-0

[Event "Munich"]
[Site "Munich"]
[Date "1992.??.??"]
[Round "10"]
[White "Christiansen, Larry Mark"]
[Black "Wahls, Matthias"]
[Result "0-1"]
[WhiteElo "2595"]
[BlackElo "2570"]
[PlyCount "166"]
[EventDate "1992.05.??"]
[Source "ChessBase"]

1. d4 Nf6 2. Nf3 g6 3. g3 Bg7 4. c4 O-O 5. Bg2 d6 6. O-O Nc6 7. Nc3 Bf5 8. d5 Na5 9. Nd4 Bd7 10. b3 c5 11. dxc6 Nxc6 12. Bb2 Qa5 13. e3 Rac8 14. Qe2 Bg4 15. f3 Bd7 16. Nxc6 Bxc6 17. e4 Nd7 18. Rac1 Rfe8 19. Kh1 Nc5 20. Ba1 Qb6 21. Qe3 a5 22. Rfd1 a4 23. Rb1 axb3 24. axb3 Qb4 25. Na2 Qa3 26. Bxg7 Kxg7 27. Nc3 Qb4 28. h4 Ra8 29. Ne2 Ra3 30. Nd4 e5 31. Nf5+ gxf5 32. Qg5+ Kf8 33. exf5 Rxb3 34. Rxb3 Qxb3 35. Rxd6 Bxf3 36. Qh6+ Kg8 37. f6 Qb1+ 38. Kh2 Qg6 39. Qxg6+ fxg6 40. Bxf3 e4 41. Be2 Re6 42. Rd5 b6 43. g4 Rxf6 44. Kg3 h6 45. g5 hxg5 46. hxg5 Rc6 47. Kf4 Kf7 48. Bf1 Ke7 49. Ke3 Rd6 50. Kd4 Nb3+ 51. Kc3 Nc5 52. Kd4 Rd7 53. Rxd7+ Kxd7 54. Bg2 Ne6+ 55. Kxe4 Kd6 56. Kf3 Nxg5+ 57. Kg4 Nf7 58. Bb7 Ke5 59. Bd5 Kf6 60. Kf4 Nd6 61. Bg8 g5+ 62. Kg4 Nf5 63. Kf3 Ne7 64. Bh7 Ng6 65. Bg8 Ne7 66. Bh7 Ng6 67. Bg8 Ne5+ 68. Kg3 Kg6 69. Bd5 Kf6 70. Bg8 Kf5 71. Bh7+ Ke6 72. Bg8+ Kd6 73. Kh3 Kc5 74. Kg3 Kd4 75. Kh3 Kc3 76. Kg3 Nxc4 77. Kg4 b5 78. Kxg5 b4 79. Kf4 b3 80. Bh7 Na3 81. Bg8 b2 82. Ba2 Kd2 83. Ke4 Nc2 0-1

[Event "Groningen"]
[Site "?"]
[Date "1993.??.??"]
[Round "?"]
[White "Agdestein, S."]
[Black "Nijboer, F."]
[Result "1-0"]
[WhiteElo "2610"]
[BlackElo "2555"]
[PlyCount "75"]
[EventDate "1993.??.??"]
[Source "ChessBase"]
[SourceDate "1993.10.01"]

1. d4 Nf6 2. c4 g6 3. g3 Bg7 4. Bg2 O-O 5. Nc3 d6 6. Nf3 Nc6 7. O-O e5 8. d5 Ne7 9. e4 Ne8 10. Ne1 f5 11. Nd3 Nf6 12. Bd2 fxe4 13. Nxe4 Nxe4 14. Bxe4 Bh3 15. Re1 Nf5 16. Bc3 Bh6 17. Kh1 Qd7 18. Rg1 Nd4 19. g4 Qe7 20. Rg3 Qh4 21. f3 Bf4 22. Nxf4 Rxf4 23. Bxd4 exd4 24. Qxd4 Re8 25. Qe3 Qf6 26. Rag1 Bf1 27. b3 b5 28. cxb5 Bxb5 29. a4 Bd7 30. Qxa7 Qc3 31. a5 Rexe4 32. fxe4 Qc2 33. Qe3 Rxe4 34. Qd3 Qxd3 35. Rxd3 Bb5 36. Rc3 Rd4 37. Rxc7 Bd3 38. Re1 1-0

[Event "It"]
[Site "Pune"]
[Date "2004.09.06"]
[Round "4"]
[White "Harikrishna, Penteala"]
[Black "Sandipan, Chanda"]
[Result "0-1"]
[WhiteElo "2609"]
[BlackElo "2555"]
[PlyCount "96"]
[EventDate "2004.08.03"]
[Source "Roberto Alvarez"]
[SourceDate "2004.09.15"]

1. d4 Nf6 2. c4 g6 3. Nf3 Bg7 4. g3 O-O 5. Bg2 d6 6. O-O c6 7. Nc3 Qb6 8. b3 e5 9. Bb2 e4 10. Ne1 d5 11. Nc2 Na6 12. Ba3 Re8 13. Bd6 dxc4 14. bxc4 Qa5 15. Qd2 Qh5 16. f3 exf3 17. exf3 Qa5 18. Rae1 Be6 19. Re5 Qd8 20. c5 Nd7 21. f4 Nb6 22. Ne3 f6 23. Re4 f5 24. Re5 Nc8 25. d5 Nxd6 26. Rxe6 Nxc5 27. Rxe8+ Qxe8 28. dxc6 bxc6 29. Re1 Nde4 30. Nxe4 Nxe4 31. Qc2 Rd8 32. Bxe4 Qxe4 33. Qxe4 fxe4 34. Nc4 Rd4 35. Rc1 Kf7 36. Kf2 Ke6 37. Ke2 c5 38. Rc2 Rd3 39. Rd2 Rc3 40. Na5 Bd4 41. Nc6 Kd5 42. Ne7+ Kc4 43. Nc6 e3 44. Rb2 Rc1 45. Rb7 Rc2+ 46. Kf3 Rf2+ 47. Kg4 e2 48. Re7 Kd3 0-1